| 000 | 00510nam a2200145 a 4500 | ||
|---|---|---|---|
| 008 | 120416s1976 ||||||||||||||||| || u | ||
| 050 | _aHD 2329 Bat | ||
| 100 | _aBates, Robert H | ||
| 245 | 1 | 0 | _aRural responses to industrialization |
| 246 | _aa study of village Zambia | ||
| 260 |
_aNew Haven _bYale University _c1976 |
||
| 300 | _ax, 380p. : ill. | ||
| 350 | _a0.00 | ||
| 995 |
_D0.00 _FCBU-MAIN LIBRARY (Kitwe) _H1 _I0.00 _M1 _UAVAILABLE _ZZambiana Collection |
||
| 999 |
_c56840 _d56840 |
||